Vádemékum vědecké a odborné práce

Enregistré dans:
Détails bibliographiques
Auteur principal: Geršlová, Jana
Format: Livre
Langue:tchèque
Publié: Praha Professional Publishing 2009
Sujets:
Tags: Ajouter un tag
Pas de tags, Soyez le premier à ajouter un tag!

MARC

LEADER 00000nam a2200000 4500
001 0122018
005 20240313090551.0
020 |a 978-80-7431-002-7 
041 0 |a cze 
044 |a CZ 
245 1 0 |a Vádemékum vědecké a odborné práce  |c Jana Geršlová 
264 1 |a Praha  |b Professional Publishing  |c 2009 
300 |a 148 s. 
610 2 0 |a práce kvalifikačné 
610 2 0 |a práca vedecká 
610 2 0 |a práce diplomové 
610 2 0 |a štúdium vysokoškolské 
100 1 |a Geršlová, Jana